000 00715nam a2200217Ia 4500
003 GCL
005 20240530095349.0
008 140319s9999 xx 000 0 ara d
020 _a5255227977
040 _aGCL /
_cGCL
082 0 4 _a962.31
_bق/ع م
100 1 _aعلى محجوب
245 1 0 _aمحافظة سوهاج /
_cعلى محجوب
260 _aالقاهرة :
_bمركز الدراسات السياسية والاستراتيجية - الأهرام ،
_c2003
300 _a180 ص ؛
_c20 سم
490 _aسلسلة المحافظات المصرية
_v0
650 0 4 _aسوهاج
650 0 4 _aمصر - الاحوال الاقتصادية
650 0 4 _aسوهاج - مصر
942 _2ddc
_cBK
999 _c6496
_d6496